000 00675nam a2200289Ia 4500
005 20260324134246.0
008 008 260324s9999 xx 000 0 eng d
020 _a9781315125664
037 _aEBOOK
040 _aCRL
040 _beng
040 _cCRL
041 _2eng
041 _aeng
084 _qCRL
100 _aDavid Riesman
_91195506
245 0 _aOn Stoic and Peripatetic Ethics
245 4 _bThe Work of Arius Didymus
260 _bTaylor and Francis
260 _c2002
365 _a
365 _b230
856 _uhttp://www.taylorfrancis.com/books/9781315125664
942 _cEBOOK
999 _c1796039
_d1796039